<?xml version="1.0" encoding="UTF-8"?>
<record
    xmlns:xsi="http://www.w3.org/2001/XMLSchema-instance"
    xsi:schemaLocation="http://www.loc.gov/MARC21/slim http://www.loc.gov/standards/marcxml/schema/MARC21slim.xsd"
    xmlns="http://www.loc.gov/MARC21/slim">

  <leader>00617nam a2200205 i 4500</leader>
  <controlfield tag="001">sa 63003163 </controlfield>
  <controlfield tag="003">DLC</controlfield>
  <controlfield tag="005">20260227111939.0</controlfield>
  <controlfield tag="008">811028s1962    ii a          00010 mar  </controlfield>
  <datafield tag="010" ind1=" " ind2=" ">
    <subfield code="a">sa 63003163 //r81</subfield>
  </datafield>
  <datafield tag="025" ind1=" " ind2=" ">
    <subfield code="a">PL480:I-Mar-295</subfield>
  </datafield>
  <datafield tag="050" ind1="0" ind2=" ">
    <subfield code="a">PK2418.T48</subfield>
    <subfield code="b">Z75</subfield>
  </datafield>
  <datafield tag="100" ind1="1" ind2="0">
    <subfield code="a">Mar&#x101;&#x1E6D;he, K. B.</subfield>
  </datafield>
  <datafield tag="245" ind1="1" ind2="0">
    <subfield code="a">B&#x101;lakavi /</subfield>
    <subfield code="c">Kr&#x325;.B&#x101;. Mar&#x101;&#x1E6D;he.</subfield>
  </datafield>
  <datafield tag="250" ind1=" " ind2=" ">
    <subfield code="a">[Pratham&#x101;vr&#x325;tti].</subfield>
  </datafield>
  <datafield tag="260" ind1="0" ind2=" ">
    <subfield code="a">Mumba&#x12B; :</subfield>
    <subfield code="b">Mauja Prak&#x101;&#x15B;ana Gr&#x325;ha,</subfield>
    <subfield code="c">[1962]</subfield>
  </datafield>
  <datafield tag="300" ind1=" " ind2=" ">
    <subfield code="a">198 p. :</subfield>
    <subfield code="b">ill. ;</subfield>
    <subfield code="c">22 cm.</subfield>
  </datafield>
  <datafield tag="500" ind1=" " ind2=" ">
    <subfield code="a">In Marathi.</subfield>
  </datafield>
  <datafield tag="600" ind1="1" ind2="0">
    <subfield code="a">&#x1E6C;homare, Tryambaka B&#x101;p&#x16B;j&#x12B;,</subfield>
    <subfield code="d">1890-1918</subfield>
    <subfield code="x">Criticism and interpretation.</subfield>
  </datafield>
  <datafield tag="999" ind1=" " ind2=" ">
    <subfield code="c">54920</subfield>
    <subfield code="d">54920</subfield>
  </datafield>
</record>
